| 000 | 00840nam a2200253Ia 4500 | ||
|---|---|---|---|
| 003 | OSt | ||
| 005 | 20220923222037.0 | ||
| 006 | a|||||r|||| 00| 0 | ||
| 007 | ta | ||
| 008 | tel | ||
| 024 | _a202,690 | ||
| 037 | _cTextual | ||
| 040 |
_aARTS _cARTS _btel |
||
| 041 |
_2tel _atel |
||
| 082 | _aO35,1:g, 152M9 | ||
| 100 |
_aसर्राजु _9156280 |
||
| 245 | 0 | _aआधुनिेकता-बोध और तेलुगु काव्यधारा के संदर्भ | |
| 246 | _aĀdhuniekatā-bodh aur telugu kāvyadhārā ke sandarbha | ||
| 260 |
_aहाथरस _b सीता प्रकाशन _c1989 |
||
| 300 |
_a91पृ0 _ccm. |
||
| 650 |
_aतेलुगु साहित्य _9156264 |
||
| 942 |
_hO35,1:g, 152M9 _cTEXL _2CC |
||
| 999 |
_c353514 _d353514 |
||